| 000 | npm a22 7a 4500 | ||
|---|---|---|---|
| 999 |
_c8460 _d8460 |
||
| 005 | 20250522150636.0 | ||
| 008 | 160125b2025 ec ||||| |||| 00| 0 spa d | ||
| 040 | _aCIDAP | ||
| 082 | _a745.5 | ||
| 084 | _aDD-00262 | ||
| 110 |
_aVicerrectorado de investigaciones, Universidad del Azuay _912634 |
||
| 245 | _aRegistro etnográfico de artesanos (REA). Centro histórico de Cuenca. Disco 3 | ||
| 260 |
_bUniversidad del Azuay & CIDAP, _c2023 _aCuenca, |
||
| 300 |
_aDisco de datos, 4.31 GB. _e Material relacionado: L006565 |
||
| 500 | _aIncluye 261 archivos en 39 carpetas. | ||
| 505 | _aFase 2: trabajo de campo. Datos recopilados (audios, fotografías, registro de testimonios de los artesanos entrevistados en las ramas de: joyería y platería, hojalatería, imaginería, papel, textil, talabartería y vidrio. | ||
| 520 | _aInsumos para el proyecto "Registro etnográfico de artesanos del centro histórico de la ciudad de Cuenca". Incluye datos recopilados: testimonios en audio, entrevistas transcritas y fotografías. | ||
| 650 |
_aETNOGRAFÍA-ARTESANOS DE CUENCA _912635 |
||
| 650 |
_aARTESANADO-CUENCA _92780 |
||
| 650 |
_aCUENCA-ARTESANOS _99840 |
||
| 650 |
_aREGISTRO DE ARTESANOS EN CUENCA _912647 |
||
| 650 |
_aIMAGINERÍA-ARTESANOS DE CUENCA _912655 |
||
| 650 |
_aTALLA EN MADERA-ARTESANOS DE CUENCA _912656 |
||
| 650 |
_aHOJALATERÍA-ARTESANOS DE CUENCA _912657 |
||
| 650 |
_aTALABARTERÍA-ARTESANOS DE CUENCA _912658 |
||
| 650 |
_aTEXTILES-ARTESANOS DE CUENCA _912659 |
||
| 650 |
_aJOYERÍA-ARTESANOS DE CUENCA _912660 |
||
| 650 |
_aCARETAS-ARTESANOS DE CUENCA _912661 |
||
| 942 |
_2ddc _cCD1 _zNC |
||